Bernie Sanders States- State Primaries/Caucuses That He Won - Statistics

General Stats
  • This quiz has been taken 190 times
    176 since last reset
  • The average score is 20 of 22
Answer Stats
State % Correct
Vermont
98%
Oregon
97%
Washington
96%
Maine
95%
New Hampshire
94%
Michigan
92%
North Dakota
91%
Idaho
89%
Wisconsin
89%
Colorado
88%
Hawaii
88%
Rhode Island
88%
Alaska
87%
Indiana
87%
Kansas
87%
Montana
87%
Nebraska
86%
Minnesota
85%
Oklahoma
85%
West Virginia
84%
Utah
79%
Wyoming
79%
No matching quizzes found
Score Distribution
Percent of People with Each Score
Percentile by Number Answered
Your Score History
You have not taken this quiz since the last reset